00246pam a2200109 a 4500020000500000041000500005082001300010100001500023245006200038250001000100260002600110 c h a751bBAT aBates bob. aHow to draw Adventures in A and Oils 2hTextual Documents a1989. apune:bWalter Foster.